OPI Reds Quiz Stats

 Plays Quiz not verified by Sporcle

Also try: The First Ten...
Challenge
Share
Tweet
Embed
Score 0/38 Timer 10:00
0 Plays Today
Shade Of Red % Correct
OPI Red
70.9%
Vodka And Caviar
54.7%
Chick Flick Cherry
51.3%
Off With Her Red
48.7%
An Affair In Red Square
47.9%
It's All Greek To Me
47%
Manicurist Of Seville
47%
My Chihuahua Bites
46.2%
Malaga Wine
45.3%
20 Candles On My Cake
45.3%
Nice Color, Eh?
45.3%
St. Petersburgundy
44.4%
Conquistadorable Color
43.6%
California Raspberry
42.7%
Quarter Of A Cent-Cherry
42.7%
Got The Blues For Red
42.7%
MonSooner Or Later
41.9%
OPI On Collins Ave
41.9%
Paint My Moji-Toes Red
40.2%
Shade Of Red % Correct
You're Such A Kabuki Queen
40.2%
Bullish On OPI
40.2%
Cha-Ching Cherry
39.3%
Keys To My Karma
39.3%
Dutch Tulips
38.5%
The Trill Of Brazil
38.5%
Kennebunk-Port
37.6%
O'Hare And Nails Look Great
37.6%
Thanks So Muchness
35.9%
Peru-B-Ruby
34.2%
Koala Bear-y
33.3%
Red Hot Ayers Rock
33.3%
A Oui Bit Of Red
32.5%
Yucatan If U Want
32.5%
Friar, Friar, Pants On Fire
31.6%
Tropical Punch
30.8%
DS Reflection
29.9%
Deer Valley Spice
29.9%
You Rock-Apulco Red
26.5%

You're not logged in!

Compare scores with friends on all Sporcle quizzes.
OR
Log In

You Might Also Like...

Show Comments

Extras

Created Mar 15, 2010ReportNominate
Tags:nail, opi, polish, red, shade

Top Quizzes Today


Score Distribution

Your Account Isn't Verified!

In order to create a playlist on Sporcle, you need to verify the email address you used during registration. Go to your Sporcle Settings to finish the process.

Report this User

Report this user for behavior that violates our Community Guidelines.

Details: